01446nam a22003377a 450000500170000000800410001702000180005804000250007604100080010104400070010908200180011610000260013424500750016026000330023530000430026850000650031150400310037650500740040752002040048165000330068565000360071865000500075470000200080470000230082470000210084770000170086870000170088594200150090299900170091795201740093420150624095427.0150610b2012 ck ||||| |||| 00| 0 spa d a9789942115492 aCo-BoIAVHcCo-BoIAVH 0aspa ack 4a551.48bL791e1 aLlambí, Luis Daniel1 aEcología, hidrología y suelos de páramos/cLlambí, Luis Daniel 3aColombia:bCondensan,c2012. a283 p.bcol., il., graf., tab.c30 cm. aProyecto Páramo Andino- Paramos Andinos. Incluye Glosario. aBibliografía: p. 274-283 aUn. 1: Ecología de parámos -- Un. 2 Hidrología -- Un. 3 Suelos. aSe presentan los primeros cuatro módulos de la colección Páramo Andino que contienen las reflexiones y discusiones sobre la ecología y manejo sustentable del ecosistema en la región Andina. aPáramoszAmérica del Sur aHidrologíazAmérica del Sur aSuelo de tierras húmedaszAmérica del Sur1 aSoto, Alejandra1 aCélleri, Rolando1 a De Bievre, Bert1 aOchoa, Boris1 aBorja, Pablo 2ddccLIBRO c17459d17459 00102ddc40708GENERALIINV2017aBogotabBogotad2015-06-10eInstitutog39000.00l0oLB-551.48 L791ep039061r2015-06-10 00:00:00tEj. 1w2015-06-10xDonaciónyLIBRO